| 000 | 00802nam a2200253 a 4500 | ||
|---|---|---|---|
| 001 | 41947 | ||
| 003 | BD-RjUL | ||
| 005 | 20211209053455.0 | ||
| 008 | 160608s1993 ii 000 0 eng | ||
| 020 |
_a8170418429 : _cRs300.00 |
||
| 035 | _a(BD-RjUL)42065 | ||
| 040 |
_beng _aBD-RjUL _cBD-RjUL |
||
| 041 | _aeng | ||
| 082 | 0 | 0 |
_a327.5496 _223 _bFOR 1993 |
| 245 | 0 | 0 |
_aForeign policy of Nepal / _cedited by B.R. Barjracharya, S.R. Sharma, S.R. Bakhsi[sic]. |
| 250 | _a1st ed. | ||
| 260 |
_aNew Delhi : _bAnmol Publications, _c1993. |
||
| 300 |
_avi, 250 p. ; _c23 cm. |
||
| 651 | 0 |
_aNepal _xForeign relations. _9128881 |
|
| 700 | 1 |
_aBajracharya, Bhadra Ratha, _d1946- _9126777 |
|
| 700 | 1 |
_aSharma, Shri Ram, _d1920- _9128921 |
|
| 700 | 1 |
_aBakshi, S. R. _q(Shiri Ram), _d1935- _9126779 |
|
| 942 |
_2ddc _cBK |
||
| 999 |
_c41947 _d41947 |
||